Les villes italiennes les plus peuplés - Statistiques

Statistiques générales
  • Ce quiz a été pris 159 fois
  • Le résultat moyen est 9 sur 12
Statistiques - réponses
Population Ville % Correct
2,75M Rome
100%
1,36M Milan
99%
853K Turin
94%
913K Naples
93%
254K Venise
87%
360K Florence
86%
563K Gênes
76%
630K Palerme
76%
387K Bologne
70%
316K Bari
56%
257K Vérone
50%
311K Catane
43%
Aucun quiz correspondant
Distribution des résultats
% des personnes avec chaque résultat
Percentile par nombre de réponses
Votre historique - résultats
Vous n’avez pas pris ce quiz